000 00543nam a2200181Ia 4500
999 _c29010
_d29010
003 OSt
005 20210101104516.0
008 190216s9999||||xx |||||||||||||| ||und||
020 _a9788182643475
040 _coclc
082 _a894.812301
_bMAN/T
100 _aMangad, Ambikasuthan
_96922
245 0 _aTheyyam Kathakal /
_cAmbikasuthan Mangad
260 _bMathrubhumi Printing & Publishing,
_aKozhikode:
_c2007.
300 _a156p
650 _aKathakal
942 _cBK
_2ddc
_h894.812301
_iMAN/T
_k894.812301
_mMAN/T